000 01384nam a2200253 a 4500
001 40265
003 BD-RjUL
005 20211209053159.0
008 160426s1986 ii a|||| |||| 00| 0 ben d
020 _c: IRs 25.00
035 _a(BD-RjUL)40380
040 _aBD-RjUL
_bben
_cBD-RjUL
041 _aben
082 _223
_a891.21
_bGOS 1986
100 _aগোস্বামী, শ্রীজয়দেব
_9122945
245 1 0 _aশ্রী শ্রী গীতগোবিন্দম :
_bমূল সংস্কৃত এবং বিবিধ পদ্যছন্দে সরল বাংলা ভাষার পদ্যানুবাদ /
_cশ্রীজয়দেব গোস্বামী ; পদ্যানুবাদ শ্রীনরহরি দাস-কৃত ; সম্পাদিত শ্রীবেণীমাধব শীল
260 _aকলিকাতা :
_bঅক্ষয় লাইব্রেরী,
_c১৯৮৬
300 _a[৬], ১৬৪ পৃ. :
_bচিত্র ;
_c২১ সেমি.
650 _aবাংলা কবিতা
_9124065
650 _aBengali Poetry
_9124066
700 _aদাস-কৃত, শ্রীনরহরি, পদ্যানুবাদ
_9124067
700 _a শীল, শ্রীবেণীমাধব, সম্পাদক
_9122947
942 _2ddc
_cBK
999 _c40265
_d40265